000
00321nam a22001457a 4500
008
230414b ||||| |||| 00| 0 eng d
020
_a
9780321899880
041
_a
eng
080
_2
THIRD EDITION
_a
37
082
_a
37SIM
100
_a
23
101
_a
EDUKIM
245
_a
THE WRITE STUFF
_c
SIMS .M
942
_2
udc
_c
BK
999
_c
59558
_d
59558